Rees v Skerrett and another (Record no. 68513)
[ view plain ]
| 000 -LEADER | |
|---|---|
| fixed length control field | 01863cam a2200301 4500 |
| 001 - CONTROL NUMBER | |
| control field | X115034 |
| 008 - FIXED-LENGTH DATA ELEMENTS--GENERAL INFORMATION | |
| fixed length control field | 011009n2001 000 0 eng u |
| 035 ## - SYSTEM CONTROL NUMBER | |
| System control number | (Sirsi) u115034 |
| 245 ## - TITLE STATEMENT | |
| Title | Rees v Skerrett and another |
| 260 ## - PUBLICATION, DISTRIBUTION, ETC. | |
| Date of publication, distribution, etc. | 2001 |
| 490 ## - SERIES STATEMENT | |
| Series statement | Estates Gazette |
| Volume/sequential designation | [2001] 40 EG, 163-170(8) |
| 520 ## - SUMMARY, ETC. | |
| Summary, etc. | CA 23 May 2001. A owned a terraced house. B owned the adjoining house which was subsequently demolished. The whole of the common wall was left in place. C became the owner of the site. A was told remedial work was needed to stabilise the wall and prevent damp penetration. A thus sought damages from B and C for structural work and damp proofing. CC Judge concluded there was an easement of support in respect of downward pressure exerted by the weight of the roof, but this did not include support to withstand the effect of the wind. B was also not found liable for damage due to damp penetration. A appealed. Held that wind support should be regarded as an aspect of support that one or two adjoining buildings provides to the other. B did owe a duty of care to take reasonable steps to provide weather-proofing for the dividing wall once it was exposed to the elements. Appeal allowed. Full copy of judgement available on http://porch.ccta.gov.uk/courtser/judgements.nsf/Search/4DBCDEAC55FF942180256A560056CE89?OpenDocument |
| 650 ## - SUBJECT ADDED ENTRY--TOPICAL TERM | |
| Topical term or geographic name entry element | REES V SKERRETT |
| 650 ## - SUBJECT ADDED ENTRY--TOPICAL TERM | |
| Topical term or geographic name entry element | EASEMENTS |
| 650 ## - SUBJECT ADDED ENTRY--TOPICAL TERM | |
| Topical term or geographic name entry element | EASEMENT OF SUPPORT |
| 650 ## - SUBJECT ADDED ENTRY--TOPICAL TERM | |
| Topical term or geographic name entry element | WIND |
| 650 ## - SUBJECT ADDED ENTRY--TOPICAL TERM | |
| Topical term or geographic name entry element | DAMP |
| 650 ## - SUBJECT ADDED ENTRY--TOPICAL TERM | |
| Topical term or geographic name entry element | WEATHERPROOFING |
| 650 ## - SUBJECT ADDED ENTRY--TOPICAL TERM | |
| Topical term or geographic name entry element | Party walls |
| 9 (RLIN) | 6258 |
| 650 ## - SUBJECT ADDED ENTRY--TOPICAL TERM | |
| Topical term or geographic name entry element | TERRACED HOUSING |
| 650 ## - SUBJECT ADDED ENTRY--TOPICAL TERM | |
| Topical term or geographic name entry element | DEMOLITION |
| 650 ## - SUBJECT ADDED ENTRY--TOPICAL TERM | |
| Topical term or geographic name entry element | RIGHT OF SUPPORT |
| 650 ## - SUBJECT ADDED ENTRY--TOPICAL TERM | |
| Topical term or geographic name entry element | NUISANCE |
| 650 ## - SUBJECT ADDED ENTRY--TOPICAL TERM | |
| Topical term or geographic name entry element | NEGLIGENCE |
| 690 ## - LOCAL SUBJECT ADDED ENTRY--TOPICAL TERM (OCLC, RLIN) | |
| Topical term or geographic name as entry element | Boundary disputes |
| 9 (RLIN) | 6221 |
| 856 ## - ELECTRONIC LOCATION AND ACCESS | |
| Uniform Resource Identifier | <a href="https://porch.ccta.gov.uk/courtser/judgements.nsf/Search/4DBCDEAC55FF942180256A560056CE89?OpenDocument">https://porch.ccta.gov.uk/courtser/judgements.nsf/Search/4DBCDEAC55FF942180256A560056CE89?OpenDocument</a> |
| 942 ## - ADDED ENTRY ELEMENTS (KOHA) | |
| Suppress in OPAC | 0 |
| Withdrawn status | Lost status | Source of classification or shelving scheme | Damaged status | Not for loan | Home library | Current library | Shelving location | Date acquired | Total Checkouts | Barcode | Date last seen | Copy number | Price effective from | Koha item type |
|---|---|---|---|---|---|---|---|---|---|---|---|---|---|---|
| Dewey Decimal Classification | London | London | Journal article | 09/10/2001 | 115034-1001 | 06/08/2019 | 1 | 06/08/2019 | Law report |